Hill tribal council Moreh : (Record no. 7726)

MARC details
000 -LEADER
fixed length control field 00396nam a22001457a 4500
003 - CONTROL NUMBER IDENTIFIER
control field GBCCL
005 - DATE AND TIME OF LATEST TRANSACTION
control field 20241126110635.0
008 - FIXED-LENGTH DATA ELEMENTS--GENERAL INFORMATION
fixed length control field 180913b ||||| |||| 00| 0 eng d
040 ## - CATALOGING SOURCE
Transcribing agency gbc
082 ## - DEWEY DECIMAL CLASSIFICATION NUMBER
Classification number SOU HIL
Item number 2010
245 ## - TITLE STATEMENT
Title Hill tribal council Moreh :
Remainder of title Silver jubilee celebration souvenir 1985-2010
260 ## - PUBLICATION, DISTRIBUTION, ETC.
Date of publication, distribution, etc. 2010
Place of publication, distribution, etc. Moreh:
Name of publisher, distributor, etc. Hill tribal council,
300 ## - PHYSICAL DESCRIPTION
Extent 146p. ;
942 ## - ADDED ENTRY ELEMENTS (KOHA)
Source of classification or shelving scheme Dewey Decimal Classification
Koha item type Archives
Holdings
Withdrawn status Lost status Source of classification or shelving scheme Damaged status Not for loan Home library Current Library Shelving location Date acquired Total checkouts Full call number Barcode Date last seen Copy number Price effective from Koha item type
    Dewey Decimal Classification     GRACE BIBLE COLLEGE GRACE BIBLE COLLEGE Archives 2018-09-13   SOU HIL 2010 250109 2025-05-01 c.1 2018-09-13 Archives
© Grace Bible College Library 2025